UBT Library

modern physics. (Record no. 44226)

000 -LEADER
fixed length control field 00971cas a2200265 i 4500
001 - CONTROL NUMBER
control field 18315554
005 - DATE AND TIME OF LATEST TRANSACTION
control field 20180306092709.0
008 - FIXED-LENGTH DATA ELEMENTS--GENERAL INFORMATION
fixed length control field 000412d1999uuuusi uu p 0 a0eng c
010 ## - LIBRARY OF CONGRESS CONTROL NUMBER
LC control number 2014252453
022 ## - INTERNATIONAL STANDARD SERIAL NUMBER
Canceled ISSN 0374-2806
035 ## - SYSTEM CONTROL NUMBER
System control number (OCoLC)ocm43838513
040 ## - CATALOGING SOURCE
Original cataloging agency CU-S
Language of cataloging eng
Transcribing agency CU-S
Modifying agency FU
-- OCoLC
-- OCLCF
-- WaU
Description conventions rda
041 ## - LANGUAGE CODE
Language code of text/sound track or separate title eng
042 ## - AUTHENTICATION CODE
Authentication code pcc
080 ## - UNIVERSAL DECIMAL CLASSIFICATION NUMBER
Universal Decimal Classification number 53 CLA
082 ## - DEWEY DECIMAL CLASSIFICATION NUMBER
Edition number 53 CLA
100 ## - Rafti
Rafti 43
101 ## - Shkurtesa
Shkurtesa fiz
245 00 - TITLE STATEMENT
Title modern physics.
Number of part/section of a work Part C,
Name of part/section of a work Comments on plasma physics and controlled fusion.
246 30 - VARYING FORM OF TITLE
Title proper/short title Comments on plasma physics and controlled fusion
362 1# - DATES OF PUBLICATION AND/OR SEQUENTIAL DESIGNATION
Dates of publication and/or sequential designation Began with: Issue C1 (1999).
580 ## - LINKING ENTRY COMPLEXITY NOTE
Linking entry complexity note Cumulates Section C of: Comments on modern physics (1999), which was a merger of five journals including: Comments on plasma physics and controlled fusion.
776 08 - ADDITIONAL PHYSICAL FORM ENTRY
Display text Online version:
Title Comments on modern physics. Part C, Comments on plasma physics and controlled fusion
Record control number (OCoLC)701571658
942 ## - ADDED ENTRY ELEMENTS (KOHA)
Source of classification or shelving scheme
Item type Books
Holdings
Withdrawn status Lost status Source of classification or shelving scheme Damaged status Not for loan Collection code Permanent location Current location Shelving location Date acquired Total Checkouts Full call number Barcode Date last seen Price effective from Koha item type
          Koleksioni i përgjithshem UBT - Lipjan UBT - Lipjan Koleksioni i përgjithshem 03/06/2018   53 cla 002-3000685 03/06/2018 03/06/2018 Books
UBT Library © 2015-2024. All rights reserved University Education for Business and Technology